000 00822nam a2200301 a 4500
003 AR-BaBNM
005 20251128203807.0
008 082120s2002 ||||||||||||||000 | spa||
040 _cAR-BaBNM
100 1 _aBauzer Medeiros, Ethel
245 0 0 _aJuegos de recreación
_n1
250 _a3ª ed.
260 _aBuenos Aires
_bRuy Díaz
_c1969
300 _a153 p.
_bil.
504 _aBibliografía p.145-150
650 4 _aJUEGOS EDUCATIVOS
650 4 _aJUEGOS INFANTILES
650 4 _aACTIVIDADES RECREATIVAS
650 4 _aPROGRAMAS RECREATIVOS
650 4 _aDESARROLLO DEL NIÑO
650 4 _aEQUIPO DEPORTIVO
650 4 _aSEGURIDAD
650 4 _aPRIMEROS AUXILIOS
700 1 _aFernández, Hilda Lilia
_etraductor
700 1 _aRomero Brest, Enrique C.
_eprologuista
942 _cBK
998 _cCarmen
999 _c4967
_d4967